| 000 | 00796nam a22002297a 4500 | ||
|---|---|---|---|
| 005 | 20170124110153.0 | ||
| 010 | _aB-228475 | ||
| 020 |
_c195.00 _a8179924211 |
||
| 035 | _aB-228475 | ||
| 037 | _bCen Lib/Ret | ||
| 040 |
_aDPL _bEN |
||
| 082 |
_a658.3124 _bWHI |
||
| 100 |
_aWhitmore, Paul G. _934452 |
||
| 245 |
_aMake smart decisions about training : _cby Paul G.Whitmore _bsave money, time, & frustration / |
||
| 260 |
_aMumbai _bJaico Publishing House _c2005 |
||
| 270 |
_a121 Mahatama Gandhi Road _bMumbai _e400 023 |
||
| 300 |
_a155p. _c23cm(pbk) |
||
| 500 | _aIncludes bibliographical references and index | ||
| 650 |
_aEmployees -- Training of -- Decision making _934453 |
||
| 650 |
_aTraining needs -- Decision making _934454 |
||
| 942 |
_2ddc _cEN _h658.3124 _mWHI |
||
| 999 |
_c132356 _d132356 |
||